[Event "PD-RO Province-ch"]
[Site "Monselice"]
[Date "2008.01.13"]
[Round "4"]
[White "Liberi, Michele"]
[Black "Rosina, Graziano"]
[Result "1-0"]
[WhiteElo "1593"]
[BlackElo "1776"]
[PlyCount "55"]
[EventDate "2008.01.11"]
[EventType "swiss"]
[EventRounds "5"]
[EventCountry "ITA"]
[SourceTitle "EXT 2010"]
[Source "ChessBase"]
[SourceDate "2010.11.25"]
[SourceVersion "1"]
[SourceVersionDate "2010.11.25"]
[SourceQuality "1"]

1. d4 d6 2. e4 Nf6 3. Nc3 g6 4. f4 Bg7 5. Nf3 0-0 6. Be3 Nbd7 7. h3 Nh5 8. Bd3 Ng3 9. Rg1 e5 10. Qd2 exd4 11. Bxd4 Bxd4 12. Nxd4 Nc5 13. 0-0-0 Nxd3+ 14. Qxd3 Qh4 15. Qf3 g5 16. f5 a6 17. Rd3 Qf4+ 18. Qxf4 gxf4 19. Rf3 c5 20. Nde2 Nxe2+ 21. Nxe2 d5 22. exd5 Bxf5 23. Nxf4 Be4 24. Re3 f5 25. g4 Kf7 26. Ne6 Rg8 27. Rf1 b6 28. Rxe4 1-0